Statistiche per Più grandi città dell’Emilia-Romagna - difficile

Clicka qui per fare il quiz!

Statistiche generali

  • Questo quiz è stato fatto 25 volte
  • Il punteggio medio è 16 su 25

Statistiche sulle risposte

Popolazione Città Provincia % Corretto
390267BolognaSe stessa
100%
184973ModenaSe stessa
100%
171192Reggio EmiliaSe stessa
100%
159173RavennaSe stessa
100%
147747RiminiSe stessa
100%
133398FerraraSe stessa
100%
118208ForlìSe stessa con un’altra città
100%
102173PiacenzaSe stessa
100%
194978ParmaSe stessa
100%
96716CesenaSe stessa con un’altra città
94%
35024RiccioneRimini
88%
69705ImolaBologna
76%
70726CarpiModena
71%
26689FidenzaParma
59%
58549FaenzaRavenna
53%
28940CerviaRavenna
47%
40873SassuoloModena
47%
35706CentoFerrara
41%
32403LugoRavenna
35%
36322Casalecchio di RenoBologna
29%
34256FormigineModena
18%
32707Castelfranco EmiliaModena
18%
32046San Lazzaro di SavenaBologna
18%
30406ValsamoggiaBologna
18%
27917San Giovanni in PersicetoBologna
18%

Distribuzione punteggi

Percentile per numero di risposta

Percentuale di utenti per punteggio

I tuoi punteggi nel tempo

Non hai fatto questo quiz